Contemporary Leadership in the Context of Multiculturalism Challenges for Human Resource Management

Základné črty a schopnosti súčasných vodcov v multikultúrnom prostredí. Leadership ako kľúčový faktor moderného riadenia ľudských zdrojov. Výzvy v súčasnom riadení ľudských zdrojov. Manažment multikulturalizmu a rozmanitosti.

Salvato in:
Dettagli Bibliografici
Autore principale: Knap Stefaniuk, Agnieszka
Altri autori: Burkiewicz, Łukasz
Natura: Capitolo di libro
Lingua:inglese
Soggetti:
Tags: Aggiungi Tag
Nessun Tag, puoi essere il primo ad aggiungerne!!

MARC

LEADER 00000naa a2200000 4500
001 0246853
005 20180808102813.3
041 0 |a eng 
044 |a CZ 
245 1 0 |a Contemporary Leadership in the Context of Multiculturalism Challenges for Human Resource Management  |c Agnieszka Knap Stefaniuk, Łukasz Burkiewicz 
520 |a Základné črty a schopnosti súčasných vodcov v multikultúrnom prostredí. Leadership ako kľúčový faktor moderného riadenia ľudských zdrojov. Výzvy v súčasnom riadení ľudských zdrojov. Manažment multikulturalizmu a rozmanitosti. 
610 2 0 |a riadenie ľudských zdrojov 
610 2 0 |a lídri 
610 2 0 |a vodcovstvo 
610 2 0 |a manažment 
610 2 0 |a multikulturalizmus 
100 1 |a Knap Stefaniuk, Agnieszka 
700 1 |a Burkiewicz, Łukasz